00580nam a22001812 4500001001100000005001700011008004100028020001700069040001500086100003100101245012300132250001300255260003000268300001200298650005300310700003200363852000300395000002112320151217152226.0120112s xx 000 0 eng d a0761933778 : aKABUcKABU1 aPadaki, Vijay.@000018181110aManagement development in non-profit organizations :ba programme for governing boards /cVijay Padaki, Manjulika Vaz. a1st ed. aNew Delhi :bSage,c2005. a284 p. 0aNonprofit organizationsxManagement.@00001581931 aVaz, Manjulika.@00001818121